Języki słowiańskie - Statystyki

Ogólne statystyki
  • Ten quiz został rozwiązany 161 razy
  • Średni wynik to 14 z 27
Statystyki odpowiedzi
Grupa Język % Poprawnych
czesko-słowacka czeski
100%
lechnicka polski
96%
czesko-słowacka słowacki
96%
wschodniosłowiańskia rosyjski
90%
wschodniosłowiańskia ukraiński
90%
wschodniosłowiańskia białoruski
87%
zachodnia słoweński
77%
zachodnia chorwacki
76%
zachodnia serbski
75%
lechnicka kaszubski
70%
lechnicka śląski
70%
wschodnia macedoński
69%
zachodnia bośniacki
67%
wschodnia bułgarski
67%
zachodnia czarnogórski
65%
łużycka dolnołużycki
37%
łużycka górnołuzycki
36%
wschodniosłowiańskia rusiński
35%
wschodniosłowiańskia ruski
32%
lechnicka połabski
21%
zachodnia serbsko-chorwacki
21%
wschodnia staro-cerkiewno-słowiański
14%
lechnicka słowiński
11%
łużycka wschodniołużycki
11%
łużycka ponaschemu
10%
wschodnia cerkiewnosłowiański
9%
czesko-słowacka knaan
9%
Nie znaleziono quizów pasujących do podanych kryteriów
Rozkład punktacji
Procent ludzi z każdym wynikiem
Percentyl według liczby udzielonych odpowiedzi
Twoja historia wyników
Nie rozwiązałeś tego quizu